Bilecik Bilecik Bilecik Bilecik Bilecik

Eğitim yönetimi : (Record no. 51279)

MARC details
000 -BAŞLIK
Sabit Uzunluktaki Kontrol Alanı 01266nam a22003617a 4500
001 - KONTROL NUMARASI
Control Dosyası 0051455
003 - KONTROL NUMARASI KİMLİĞİ
Kontrol Alanı KOHA_MİRAKIL
005 - EN SON İŞLEM TARİHİ ve ZAMANI
Kontrol Alanı 20260207003806.0
007 - FİZİKSEL TANIM SABİT ALAN - GENEL BİLGİ
Sabit uzunluklu kontrol alanı ta
008 - SABİT UZUNLUKTAKİ VERİ ÖGELERİ - GENEL BİLGİ
Sabit Alan 150629b2012 tu |||gr||||#||||0|tur |
020 ## - ISBN - ULUSLARARASI STANDART KİTAP NUMARASI
Isbn 9786051333069
040 ## - KATALOGLAMA KAYNAĞI
Özgün Kataloglama Kurumu TR-BiSEU
Kataloglama Dili tur
Çeviri Kurumu TR-BiSEU
Açıklama Kuralları rda
041 0# - DİL KODU
Metin ya da ses kaydının dil kodu tur
044 ## - YAYINLAYAN/ÜRETEN KURULUŞUN ÜLKE KODU
ISO country code tu
050 ## - SINIFLAMA ve YER NUMARASI
Sınıflama Numarası LB2805
Yer Numarası .H69 2012
100 1# - KİŞİ ADI
Yazar Adı (Kişi adı) Hoy, Wayne K..
240 10 - TEK BİÇİM BAŞLIK
Tekbiçim Başlık <a href="educational administration : theory, research and practice">educational administration : theory, research and practice</a>
Language of a work Türkçe
245 1# - ESER ADI BİLDİRİMİ
Başlık Eğitim yönetimi :
Alt Eseradı vb. teori, araştırma ve uygulama =
-- educational administration :
-- theory, research and practice/
Sorumluluk Bildirimi Wayne K. Hoy ; Wayne K. Hoy, Cecil G. Miskel ; editör Selahattin Turan.
250 ## - BASIM BİLDİRİMİ
Basım Bildirimi 7. Baskıdan Çeviri
264 #1 - ÜRERİM, YAYIN, DAĞITIM ve TELİF BİLDİRİMİ
Yayın yeri Ankara :
Yayınlayan Nobel Yayıncılık
Yayın tarihi 2012
300 ## - FİZİKSEL TANIMLAMA
Sayfa, Cilt vb. XVIII, 494 sayfa ;
Boyutları 24 cm.
336 ## - İÇERİK TÜRÜ
Content type term metin
Content type code txt
Source rdacontent
337 ## - MEDYA TÜRÜ
Media type term aracısız
Media type code n
Source rdamedia
338 ## - TAŞIYICI TÜRÜ
Carrier type term cilt
Carrier type code nc
Source rdacarrier
490 0# - DİZİ BİLDİRİMİ
Dizi Bildirimi Yayın Nu: 404.
490 0# - DİZİ BİLDİRİMİ
Dizi Bildirimi Eğitim Bilimleri Nu: 85.
500 ## - GENEL NOT
Genel Not Kaynakça var.
650 #0 - KONU BAŞLIĞI EK GİRİŞ - KONU TERİMİ
Konusal terim veya coğrafi ad Eğitim--Okul--Okullarda Yapı.
9 (RLIN) 95735
650 #0 - KONU BAŞLIĞI EK GİRİŞ - KONU TERİMİ
Konusal terim veya coğrafi ad Okulda Bireyler--Okullarda Kültür ve İklim.
9 (RLIN) 95736
830 0# - SERİ EK GİRİŞİ - TEKBİÇİM ESER ADI
Tekbiçim Başlık Yayın Nu: 404.
9 (RLIN) 95737
830 0# - SERİ EK GİRİŞİ - TEKBİÇİM ESER ADI
Tekbiçim Başlık Eğitim Bilimleri Nu: 85.
9 (RLIN) 95738
942 ## - EK GİRİŞ ÖGELERİ (KOHA)
Source of classification or shelving scheme Library of Congress Classification
Koha item type Book
Holdings
Materyal Türü Kalıcı Konum Mevcut Konum Raf Yeri Sınıflandırma Kaynağı Edinim Bilgisi Ana Konular Alt Konular Yer Numarası Demirbaş Numarası Fatura Tarihi Maliyet, Alış Fiyatı Maliyet, Yenileme Fiyatı Geri Çekilme Durumu Kayıp Durumu Hasarlı Durumu Kredi için değil Kayıt Tarih Toplam Ödünçverme Son Görülme Tarihi Son Kontrol Tarihi Satın Alma Notu
Book Prof. Dr. Azmi Özcan Kütüphanesi Prof. Dr. Azmi Özcan Kütüphanesi Uluğbey Salonu Library of Congress Classification Satın EĞİTİM Eğitim Teorisi ve Uygulaması LB2805 .H69 2012 0051455 07/07/2015 24.81 24.81         29/06/2015 3 05/12/2024 05/12/2024 B-984687 - B-984797